DISCIPLINE OF MARKET LEADERS CHOOSE YOUR (Record no. 27959)
[ view plain ]
| 000 -LEADER | |
|---|---|
| fixed length control field | 00284nam a2200121Ia 4500 |
| 008 - FIXED-LENGTH DATA ELEMENTS--GENERAL INFORMATION | |
| fixed length control field | 240624s9999 xx 000 0 und d |
| 041 ## - LANGUAGE CODE | |
| Language code of text/sound track or separate title | eng |
| 082 ## - DEWEY DECIMAL CLASSIFICATION NUMBER | |
| Classification number | 658.8 TRE |
| 100 ## - MAIN ENTRY--PERSONAL NAME | |
| Personal name | TREACY MICHAEL |
| 245 ## - TITLE STATEMENT | |
| Title | DISCIPLINE OF MARKET LEADERS CHOOSE YOUR |
| 260 ## - PUBLICATION, DISTRIBUTION, ETC. | |
| Date of publication, distribution, etc. | 1997 |
| 365 ## - TRADE PRICE | |
| Currency code | |
| Price amount | 30 |
| Withdrawn status | Lost status | Damaged status | Not for loan | Home library | Current library | Shelving location | Date acquired | Source of acquisition | Cost, normal purchase price | Total Checkouts | Full call number | Barcode | Date last seen | Date last checked out | Copy number | Price effective from | Koha item type |
|---|---|---|---|---|---|---|---|---|---|---|---|---|---|---|---|---|---|
| IMTN | IMTN | Rack 36-A | 09/20/2016 | RW | 16.99 | 1 | 658.8 TRE | 27959 | 01/13/2025 | 01/05/2025 | 70.6 | 06/24/2024 | Books |